| 000 | 00426pab a2200169 454500 | ||
|---|---|---|---|
| 008 | 180718b1996 xxu||||| |||| 00| 0 eng d | ||
| 100 | _aDamayanthin, U.T. | ||
| 245 | _aAgricultural labour in India - a conceptual analysis | ||
| 260 | _c1996 | ||
| 300 | _ap.124-32 | ||
| 362 | _aApr | ||
| 650 | _aAgriculture - India | ||
| 650 | _aLabour - India | ||
| 650 | _aLabour | ||
| 773 | _aAsian Economic Review | ||
| 909 | _a32148 | ||
| 999 |
_c32148 _d32148 |
||